000 00649cam a2200169 4500500
005 20251012032454.0
041 _afre
042 _adc
100 1 0 _aLinehan, Peter
_eauthor
700 1 0 _a Baladier, Charles
_eauthor
700 1 0 _a Piron, Sylvain
_eauthor
245 0 0 _aLes Dames de Zamora. Secrets, stupre et pouvoirs dans l’Église espagnole du xiiie siècle, traduit par Sylvain Piron, Paris, Les Belles Lettres, coll. Histoire, 1998
260 _c2000.
500 _a14
786 0 _nSigila | 5 | 1 | 2000-06-20 | p. 183-184 | 1286-1715
856 4 1 _uhttps://shs.cairn.info/revue-sigila-2000-1-page-183?lang=fr&redirect-ssocas=7080
999 _c1547348
_d1547348